|
|
|
|
| LEADER |
00000nlm0a2200000 4500 |
| 001 |
364205 |
| 005 |
20240213092655.0 |
| 035 |
|
|
|a (RuTPU)RU\TPU\retro\21563
|
| 035 |
|
|
|a RU\TPU\retro\21561
|
| 090 |
|
|
|a 364205
|
| 100 |
|
|
|a 20211109d2021 k y0rusy50 ca
|
| 101 |
0 |
|
|a rus
|
| 102 |
|
|
|a RU
|
| 105 |
|
|
|a a dm 000zy
|
| 135 |
|
|
|a drcn ---uucaa
|
| 181 |
|
0 |
|a i
|
| 182 |
|
0 |
|a b
|
| 200 |
1 |
|
|a Синтез и исследование люминофоров на основе алюминиевых гранатов и гексафторогерманата калия для белых светодиодов
|e автореферат диссертации на соискание ученой степени кандидата физико-математических наук
|e спец. 01.04.07
|f Лан ТяньЧунь
|g Национальный исследовательский Томский политехнический университет; науч. рук. В. И. Корепанов, науч. конс. Хань Тао
|
| 203 |
|
|
|a Текст
|c электронный
|
| 210 |
|
|
|a Томск
|d 2021
|
| 215 |
|
|
|a 1 файл (1 264 КБ)
|
| 300 |
|
|
|a Заглавие с титульного экрана
|
| 300 |
|
|
|a Электронная версия печатной публикации
|
| 606 |
1 |
|
|a Люминофоры
|x Светотехника
|2 stltpush
|3 (RuTPU)RU\TPU\subj\78807
|9 87879
|
| 610 |
1 |
|
|a электронный ресурс
|
| 610 |
1 |
|
|a авторефераты диссертаций
|
| 610 |
1 |
|
|a труды учёных ТПУ
|
| 610 |
1 |
|
|a синтез
|
| 610 |
1 |
|
|a иттрий-алюминиевый гранат
|
| 610 |
1 |
|
|a гексафтороиридаты калия
|
| 610 |
1 |
|
|a белые светодиоды
|
| 610 |
1 |
|
|a светотехника
|
| 610 |
1 |
|
|a освещение
|
| 610 |
1 |
|
|a цветопередача
|
| 610 |
1 |
|
|a термостойкость
|
| 610 |
1 |
|
|a люминесцентные свойства
|
| 610 |
1 |
|
|a влагостойкость
|
| 610 |
1 |
|
|a примеси
|
| 610 |
1 |
|
|a люминесценция
|
| 675 |
|
|
|a 628.97(04)
|v 4
|
| 686 |
|
|
|a 01.04.07
|2 oksvnk
|
| 700 |
|
0 |
|a Лан ТяньЧунь
|
| 702 |
|
1 |
|a Корепанов
|b В. И.
|c специалист в области светотехники
|c профессор Томского политехнического университета, доктор физико-математических наук
|f 1947-
|g Владимир Иванович
|3 (RuTPU)RU\TPU\pers\26561
|4 727
|9 12250
|
| 702 |
|
0 |
|a Хань Тао
|c специалист в области материаловедения
|c старший научный сотрудник Томского политехнического университета, Ph.D
|f 1990-
|3 (RuTPU)RU\TPU\pers\46544
|4 695
|
| 712 |
0 |
2 |
|a Национальный исследовательский Томский политехнический университет
|b Инженерная школа новых производственных технологий
|b Отделение материаловедения
|3 (RuTPU)RU\TPU\col\23508
|
| 801 |
|
2 |
|a RU
|b 63413507
|c 20211112
|g RCR
|
| 856 |
4 |
|
|u http://earchive.tpu.ru/handle/11683/68880
|
| 942 |
|
|
|c CF
|